LEADER 00682nam0-22002651i-450- 001 990003562940403321 005 20001010 035 $a000356294 035 $aFED01000356294 035 $a(Aleph)000356294FED01 035 $a000356294 100 $a20000920d1962----km-y0itay50------ba 101 0 $aita 105 $ay-------001yy 200 1 $aVecchia Calabria$fN. Douglas 210 $aMilano$cs.e.$d1962 700 1$aDouglas,$bNorman$f<1868-1952>$039456 801 0$aIT$bUNINA$gRICA$2UNIMARC 901 $aBK 912 $a990003562940403321 952 $aSE 052.07.23-$b035331$fDECSE 959 $aDECSE 996 $aVecchia Calabria$9492942 997 $aUNINA DB $aING01 LEADER 01287nam2-2200349---450 001 990005715120403321 005 20251119131245.0 035 $a000571512 035 $aFED01000571512 035 $a(Aleph)000571512FED01 100 $a20140416d1899----km-y0itay50------ba 101 0 $aita$alat 102 $aIT 105 $ayf------001yy 200 1 $a<<2.: Le >>pergamene del Duomo di Bari$econtinuazione, 1266-1309$eappendice: le pergamene di Giovinazzo, Canosa e Putignano sino al 1266$fper G.B. Nitto De Rossi e Francesco Nitti di Vito 210 $aBari$c[V. Vecchi]$d1899 215 $aXXIV, 252 p., 3 c. di tav. rip.$d31 cm 461 0$1001000571494$12001$aCodice diplomatico barese$fedito a cura della Commissione Provinciale di Archeologia e Storia Patria$v2 610 0 $aPergamene$aBari$aDuomo$aSec. 13.-14. 610 0 $aPuglia$aStoria$aFonti archivistiche$aSec. 13.-14. 676 $a091 676 $a945.751 702 1$aNitto De Rossi,$bGiovanni Battista 702 1$aNitti,$bFrancesco$f 712 02$aArchivio capitolare di Bari 801 0$aIT$bUNINA$gRICA$2UNIMARC 901 $aBK 912 $a990005715120403321 952 $a7/III F 44$bbibl.18992$fFLFBC 959 $aFLFBC 996 $aPergamene del Duomo di Bari$9149652 997 $aUNINA